Becker's World of the cell / (Record no. 233048)

000 -LEADER
fixed length control field 02617cam a2200385 i 4500
001 - CONTROL NUMBER
control field 18852227
003 - CONTROL NUMBER IDENTIFIER
control field Nust
005 - DATE AND TIME OF LATEST TRANSACTION
control field 20170228105855.0
008 - FIXED-LENGTH DATA ELEMENTS--GENERAL INFORMATION
fixed length control field 151110t20162016maua 001 0 eng
010 ## - LIBRARY OF CONGRESS CONTROL NUMBER
LC control number 2015036125
020 ## - INTERNATIONAL STANDARD BOOK NUMBER
International Standard Book Number 9780321934925 (student edition)
020 ## - INTERNATIONAL STANDARD BOOK NUMBER
International Standard Book Number 032193492X (student edition)
020 ## - INTERNATIONAL STANDARD BOOK NUMBER
International Standard Book Number 9780134145792 (Books a la Carte)
020 ## - INTERNATIONAL STANDARD BOOK NUMBER
International Standard Book Number 0134145798 (Books a la Carte)
040 ## - CATALOGING SOURCE
Original cataloging agency DLC
Language of cataloging eng
Transcribing agency ASAB
Description conventions rda
Modifying agency DLC
042 ## - AUTHENTICATION CODE
Authentication code pcc
050 00 - LIBRARY OF CONGRESS CALL NUMBER
Classification number QH581.2
Item number .B43 2016
082 00 - DEWEY DECIMAL CLASSIFICATION NUMBER
Classification number 571.6
Edition number 23
100 1# - MAIN ENTRY--PERSONAL NAME
Personal name Hardin, Jeff,
Relator term author.
245 10 - TITLE STATEMENT
Title Becker's World of the cell /
Statement of responsibility, etc. Jeff Hardin, University of Wisconsin-Madison, Gregory Bertoni, The Plant Cell.
246 30 - VARYING FORM OF TITLE
Title proper/short title World of the cell
250 ## - EDITION STATEMENT
Edition statement Nineth Edition.
264 #1 - PRODUCTION, PUBLICATION, DISTRIBUTION, MANUFACTURE, AND COPYRIGHT NOTICE
Place of production, publication, distribution, manufacture Boston :
Name of producer, publisher, distributor, manufacturer Pearson,
Date of production, publication, distribution, manufacture, or copyright notice [2016]
264 #4 - PRODUCTION, PUBLICATION, DISTRIBUTION, MANUFACTURE, AND COPYRIGHT NOTICE
Date of production, publication, distribution, manufacture, or copyright notice ©2016
300 ## - PHYSICAL DESCRIPTION
Extent 1 volume (various pagings) :
Other physical details illustrations (some color) :
Dimensions 28 cm
336 ## - CONTENT TYPE
Content type term text
Source rdacontent
337 ## - MEDIA TYPE
Media type term unmediated
Source rdamedia
338 ## - CARRIER TYPE
Carrier type term volume
Source rdacarrier
500 ## - GENERAL NOTE
General note Includes index.
505 0# - FORMATTED CONTENTS NOTE
Formatted contents note A preview of cell biology -- The chemistry of the cell -- The macromolecules of the cell -- Cells and organelles -- Bioenergetics : the flow of energy in the cell -- Enzymes : the catalysts of life -- Membranes : their structure, function, and chemistry -- Transport across membranes : overcoming the permeability barrier -- Chemotrophic energy metabolism : glycolysis and fermentation -- Chemotrophic energy metabolism : aerobic respiration -- Phototrophic energy metabolism : photosynthesis -- The endomembrane system -- Cytoskeletal systems -- Cellular movement : motility and contractility -- Beyond the cell : cell adhesions, a "Cell Junctions, and Extracellular Structures" -- The structural basis of cellular information : DNA, chromosomes, and the nucleus -- DNA replication, repair, and recombination -- Gene expression : the genetic code and transcription -- Gene expression : protein synthesis and sorting -- The regulation of gene expression -- Molecular biology techniques for cell biology -- Signal transduction mechanisms : I. Electrical and synaptic signaling in neurons -- Signal transduction mechanisms: II. Messengers and receptors -- The cell cycle and mytosis -- Sexual reproduction, meiosis, and genetic recombination -- Cancer cells.
650 #0 - SUBJECT ADDED ENTRY--TOPICAL TERM
Topical term or geographic name entry element Cytology.
650 #0 - SUBJECT ADDED ENTRY--TOPICAL TERM
Topical term or geographic name entry element Molecular biology.
700 1# - ADDED ENTRY--PERSONAL NAME
Personal name Bertoni, Gregory,
Relator term author.
906 ## - LOCAL DATA ELEMENT F, LDF (RLIN)
a 7
b cbc
c orignew
d 1
e ecip
f 20
g y-gencatlg
942 ## - ADDED ENTRY ELEMENTS (KOHA)
Source of classification or shelving scheme
Koha item type Book
Holdings
Withdrawn status Lost status Source of classification or shelving scheme Damaged status Not for loan Collection code Permanent Location Current Location Date acquired Total Checkouts Full call number Barcode Date last seen Price effective from Koha item type
            Atta-ur-Rahman School of Applied Biosciences (ASAB) Atta-ur-Rahman School of Applied Biosciences (ASAB) 02/28/2017   571.6 HAR ASAB3115 06/21/2019 02/28/2017 Book
© 2023 Central Library, National University of Sciences and Technology. All Rights Reserved.